000 00928nam a22002417a 4500
008 240605b mp ||||| |||| 00| 0 mon d
020 _a978-99973-1-819-3
035 _a25547
040 _aHE0623081
_bmon
_cMN-UlNLM
_dMN-UlNLM
_erda
041 _amon
042 _a59383
084 _2NNA
_a84(0)-44
_bЧ.205
100 _aЧандар К.
245 0 _aУруугаа ургасан мод
264 _aУБ.
_bМонсудар хэвлэлийн газар
_c2020
300 _a151х.
336 _2rdacontent
_atext
_btxt
337 _2rdamedia
_aunmediated
_bn
338 _2rdacarrier
_avolume
_bnc
650 _aБи бол гуталчны хүү хэмээн бахархах тэр хүүг Юсуф гэнэ. Тэр энэ зиндаагаа хааны гэр бүлийнхэнтэй ч адилтгаж үзнэ. Яагаад гэвэл т...
942 _2NNA
_cBK
999 _c895227
_d895284